000 00707nam a2200265Ia 4500
005 20260302113943.0
008 008 260114s9999 xx 000 0 eng d
020 _a9781350362215
037 _aTextbook
040 _aCRL
040 _beng
040 _cCRL
041 _2eng
041 _aeng
084 _qCRL
100 _aMalgorzata Drewniok and Marek Kuzniak
_91117316
245 0 _aApplied Cognitive Ecostylistics From Ego to Eco
260 _bBloomsbury
260 _bBloomsbury Academic
260 _c2024
650 _aLinguistics
856 _uhttps://doi.org/10.5040/9781350362215?locatt=label:secondary_bloomsburyCollections
942 _cEBOOK
999 _c1680825
_d1680825